00422nam a2200145Ia 4500008004100000020002100041040002600062082001700088100004200105245006200147250001100209260003500220003000400255005001700259241206s9999||||xx |||||||||||||| ||und|| a9780131014985c0 bengcSSK Libraryerda a658.4038/LAU a Kenneth C. Laudon & Jane P. Laudon - 0aManagement Information Systems: Managing The Digital Firm a8th ed b Pearson Prentice Hallc©2004OSt20241206223259.0